| 000 | 01371cam a2200337 i 4500 | ||
|---|---|---|---|
| 001 | 110213 | ||
| 003 | ARRUPE | ||
| 005 | 20160322121409.0 | ||
| 008 | 821021s1979 ii f100 0 eng | ||
| 010 | _a 80902080 | ||
| 020 | _cRs20.00 ($6.00 U.S.) | ||
| 035 | _a(OCoLC)7173405 | ||
| 035 | _a(OCoLC)ocm07173405 | ||
| 035 | _a(CStRLIN)NYCG82-B52915 | ||
| 035 | _a(NNC)110213 | ||
| 040 | _cDLC | ||
| 043 |
_aa-ii--- _af------ |
||
| 050 | 0 |
_aPN1993.5.I8 _bS95 1979 |
|
| 082 | 0 |
_a791.43/09172/4 _219 |
|
| 111 | 2 |
_aSymposium on Cinema in Developing Countries _d(1979 : _cNew Delhi, India) _923200 |
|
| 245 | 0 | 0 |
_aSymposium on Cinema in Developing Countries / _csymposium organized by the Indian Institute of Mass Communication and Directorate of Film Festivals on January 9-11, 1979 in connection with the seventh International Film Festival of India at New Delhi. |
| 260 |
_aNew Delhi : _bPublications Division, Ministry of Information and Broadcasting, Govt. of India, _c1979. |
||
| 300 |
_a177 p.; _c25 cm. |
||
| 650 | 0 |
_aMotion pictures _zIndia _vCongresses. _923201 |
|
| 650 | 0 |
_aMotion pictures _zAfrica _vCongresses. _923202 |
|
| 710 | 2 |
_aIndian Institute of Mass Communication. _923203 |
|
| 710 | 1 |
_aIndia. _bDirectorate of Film Festivals. _923204 |
|
| 711 | 2 |
_aInternational Film Festival of India. _923205 |
|
| 942 |
_2lcc _cMONOGRAPH |
||
| 999 |
_c124438 _d124438 |
||